Coberts Manual of Drug Safety and Pharmacovigilance (Record no. 13808)

MARC details
000 -LEADER
fixed length control field 00475nam a22001817a 4500
003 - CONTROL NUMBER IDENTIFIER
control field OSt
008 - FIXED-LENGTH DATA ELEMENTS--GENERAL INFORMATION
fixed length control field 260210b |||||||| |||| 00| 0 eng d
020 ## - INTERNATIONAL STANDARD BOOK NUMBER
International Standard Book Number 9780000988331
100 ## - MAIN ENTRY--PERSONAL NAME
Personal name Cobert, Barton
245 ## - TITLE STATEMENT
Title Coberts Manual of Drug Safety and Pharmacovigilance
250 ## - EDITION STATEMENT
Edition statement 3rd
260 ## - PUBLICATION, DISTRIBUTION, ETC. (IMPRINT)
Place of publication, distribution, etc Chennai
Name of publisher, distributor, etc World Scientfic
Date of publication, distribution, etc 2020
300 ## - PHYSICAL DESCRIPTION
Extent xxix, 494
650 ## - SUBJECT ADDED ENTRY--TOPICAL TERM
Topical term or geographic name as entry element Pharmacovigilance
700 ## - ADDED ENTRY--PERSONAL NAME
Personal name Gregory, Willaim.W
700 ## - ADDED ENTRY--PERSONAL NAME
Personal name Thomas, Jean-loup
942 ## - ADDED ENTRY ELEMENTS (KOHA)
Source of classification or shelving scheme Dewey Decimal Classification
Koha item type Reference Books
Holdings
Withdrawn status Lost status Source of classification or shelving scheme Damaged status Not for loan Collection code Home library Current library Date acquired Source of acquisition Currency Cost, normal purchase price Bill Number Total Checkouts Full call number Acc. no. / Barcode Date last seen Actual Cost, discounted price Bill Date Koha item type
    Dewey Decimal Classification     B.Pharma PIET C-LIBRARY PIET C-LIBRARY 05/02/2026 Zafaa Books Distributres Indian Rup 2995.00 ZBDO422   615.068 COC BP2959 10/02/2026 2096.50 04/02/2026 Reference Books

Design & Developed by: PIET Central Library
R70 Miles Stone Pattikalyana Samalkha Panipat 132102
mail ID :- [email protected], Phone No:- 0180-2569700 Ex.216